| 000 | 00544nam a2200193 a 4500 | ||
|---|---|---|---|
| 005 | 20210223120820.0 | ||
| 008 | 991125s1969 bar 000 0 spa u | ||
| 035 | _aUPN01000007678 | ||
| 049 | _aCG | ||
| 050 | 4 | _aQL761 F7.28 | |
| 100 | 1 | _aFrazer, J. F. D. | |
| 245 | 1 | 4 |
_aLos ciclos sexuales de los vertebrados / _cJ. F. D. Frazer ; tr. Jaime Elías Cornet |
| 260 |
_aBarcelona, Esp. : _bLabor, _c1969 |
||
| 300 | _a140 p | ||
| 440 | 0 |
_aNueva colección Labor; _v98 |
|
| 650 | 4 |
_aVERTEBRADOS _919542 |
|
| 904 |
_aAC _b007678 |
||
| 905 | _aLibro | ||
| 999 |
_c7678 _d7678 |
||